|
|
|
|
| LEADER |
00000cam a2200000 c 4500 |
| 001 |
216041465 |
| 003 |
DE-627 |
| 005 |
20250119033259.0 |
| 007 |
tu |
| 008 |
961001s1996 gw ||||| m 00| ||ger c |
| 015 |
|
|
|a 96,H10,1282
|2 dnb
|
| 016 |
7 |
|
|a 948531126
|2 DE-101
|
| 035 |
|
|
|a (DE-627)216041465
|
| 035 |
|
|
|a (DE-576)062954636
|
| 035 |
|
|
|a (DE-599)GBV216041465
|
| 035 |
|
|
|a (OCoLC)258358267
|
| 035 |
|
|
|a (OCoLC)75793621
|
| 040 |
|
|
|a DE-627
|b ger
|c DE-627
|e rakwb
|
| 041 |
|
|
|a ger
|
| 044 |
|
|
|c XA-DE
|
| 084 |
|
|
|a 33
|2 sdnb
|
| 100 |
1 |
|
|8 1\p
|a Hermann, Tanja Gabriele
|d 1968-
|0 (DE-588)173021549
|0 (DE-627)697946487
|0 (DE-576)133874524
|4 aut
|
| 109 |
|
|
|a Hermann, Tanja Gabriele 1968-
|
| 245 |
1 |
4 |
|a Die zwangsweise Unterbringung nach dem Gesetz über Hilfen und Schutzmassnahmen bei psychischen Krankheiten in Nordrhein-Westfalen
|b vergleichende epidemiologische und anamnestische Erhebungen im Landeskrankenhaus Düren und an der Psychiatrischen Klinik der RWTH Aachen
|c vorgelegt von Tanja Gabriele Hermann
|
| 264 |
|
1 |
|c 1996
|
| 300 |
|
|
|a 106 S
|b graph. Darst
|c 21 cm
|
| 336 |
|
|
|a Text
|b txt
|2 rdacontent
|
| 337 |
|
|
|a ohne Hilfsmittel zu benutzen
|b n
|2 rdamedia
|
| 338 |
|
|
|a Band
|b nc
|2 rdacarrier
|
| 502 |
|
|
|a Aachen, Techn. Hochsch., Diss., 1996
|
| 583 |
1 |
|
|a Archivierung prüfen
|c 20200919
|f DE-640
|z 2
|2 pdager
|
| 583 |
1 |
|
|a Archivierung prüfen
|c 20240324
|f DE-4165
|z 1
|2 pdager
|
| 655 |
|
7 |
|a Hochschulschrift
|0 (DE-588)4113937-9
|0 (DE-627)105825778
|0 (DE-576)209480580
|2 gnd-content
|
| 751 |
|
|
|a Aachen
|0 (DE-588)4000003-5
|0 (DE-627)10640251X
|0 (DE-576)208836500
|4 uvp
|
| 883 |
|
|
|8 1\p
|a cgwrk
|d 20241001
|q DE-101
|u https://d-nb.info/provenance/plan#cgwrk
|
| 951 |
|
|
|a BO
|
| ELC |
|
|
|b 1
|
| LOK |
|
|
|0 000 xxxxxcx a22 zn 4500
|
| LOK |
|
|
|0 001 3221651090
|
| LOK |
|
|
|0 003 DE-627
|
| LOK |
|
|
|0 004 216041465
|
| LOK |
|
|
|0 005 20151116135131
|
| LOK |
|
|
|0 008 150728||||||||||||||||ger|||||||
|
| LOK |
|
|
|0 035
|a (DE-21-110)kd51640
|
| LOK |
|
|
|0 040
|a DE-21-110
|c DE-627
|d DE-21-110
|
| LOK |
|
|
|0 689
|a s
|a Psychisch Kranke
|
| LOK |
|
|
|0 689
|a s
|a Unterbringungsrecht
|
| LOK |
|
|
|0 689
|a s
|a Zwangsunterbringung
|
| LOK |
|
|
|0 852
|z Kein Bestand am IfK; Nachweis für KrimDok
|
| LOK |
|
|
|0 852
|a DE-21-110
|
| LOK |
|
|
|0 852 1
|9 00
|
| LOK |
|
|
|0 935
|a k110
|
| LOK |
|
|
|0 939
|a 28-07-15
|b l01
|
| ORI |
|
|
|a SA-MARC-krimdoka001.raw
|